[Event "Maroczy Memorial"]
[Site "Szeged"]
[Date "1997.11.20"]
[Round "7"]
[White "Oll, Lembit"]
[Black "Wells, Peter"]
[Result "1-0"]
[WhiteElo "2645"]
[BlackElo "2530"]
[Annotator "Wedberg"]
[PlyCount "57"]
[EventDate "1997.11.14"]
[EventType "tourn"]
[EventRounds "9"]
[EventCountry "HUN"]
[EventCategory "13"]
[Source "ChessBase"]
[SourceDate "1998.01.31"]
[WhiteTeamCountry "EST"]
[BlackTeamCountry "CZE"]

1. e4 e5 2. Nf3 Nc6 3. Bb5 a6 4. Ba4 Nf6 5. O-O Be7 6. Re1 b5 7. Bb3 d6 8. c3
O-O 9. h3 Nd7 10. d4 Bf6 11. a4 Bb7 12. Na3 exd4 13. cxd4 Na5 14. axb5 (14. Ba2
b4 15. Nc4 Nxc4 16. Bxc4 Re8 (16... d5 17. exd5 Nb6 18. Bd3 Nxd5 19. Ne5 Ne7
20. Be3 Qd5 21. f3 Qd6 $13 {
Ivanchuk,V-Xie Jun/Monaco blind 1996/EXP 52/1-0 (49)}) 17. Qb3 Rxe4 18. Bxf7+
Kh8 19. Be3 Re7 20. Bd5 c6 (20... Bxd5 21. Qxd5 a5 22. Rac1 Nb6 23. Qb5 Qg8 24.
Rc6 h6 25. Rec1 Nd5 $132 {0-1 Tzoumbas,A-Frendzas,P/Peristeri 1994/CBM 46 (42)}
) 21. Be6 Nf8 22. Bg4 a5 23. Rac1 $14 {
1/2-1/2 Kasparov,G-Karpov,A/Wch35-KK5 1990/CBM 21/[Schussler] (36)}) 14... axb5
15. Bc2 $146 (15. Bf4 b4 16. Nc4 Nxb3 17. Qxb3 Bxe4 $1 $11 {
1/2-1/2 Enhbat,P-Kholmov,R/Cheliabinsk 1991/CBM 25 (36)}) 15... b4 16. Nb1 Re8
17. Bf4 c5 18. Nbd2 cxd4 19. Bxd6 Nc6 20. Ba4 Nde5 21. Bxe5 Bxe5 22. Rc1 Rc8
23. Nb3 d3 $6 (23... Bf4 24. Rc4 Qe7 25. Nfxd4 Nxd4 26. Rxd4 Red8 $14) 24. Nc5
d2 25. Qxd2 Qxd2 26. Nxd2 Ba8 27. Nc4 Bf4 28. Rcd1 $16 Ne5 $2 (28... Rcd8 $142)
29. Nb6 $1 1-0

[Event "Maroczy Memorial"]
[Site "Szeged"]
[Date "1997.11.21"]
[Round "8"]
[White "Zhang Zhong"]
[Black "Oll, Lembit"]
[Result "1/2-1/2"]
[WhiteElo "2475"]
[BlackElo "2645"]
[PlyCount "71"]
[EventDate "1997.11.14"]
[EventType "tourn"]
[EventRounds "9"]
[EventCountry "HUN"]
[EventCategory "13"]
[Source "ChessBase"]
[SourceDate "1998.01.31"]
[WhiteTeamCountry "EST"]
[BlackTeamCountry "CZE"]

1. e4 c5 2. Nf3 d6 3. Bb5+ Nd7 4. d4 Ngf6 5. Nc3 a6 6. Bxd7+ Nxd7 7. O-O e6 8.
dxc5 Nxc5 9. Bg5 f6 10. Be3 b5 11. b4 Na4 12. Nxa4 bxa4 13. c4 Bd7 14. Nd4 Be7
15. c5 dxc5 16. bxc5 e5 17. Nf5 Bxf5 18. exf5 Qxd1 19. Rfxd1 Kf7 20. Rab1 Rhd8
21. Rdc1 Rdb8 22. g3 Rb5 23. Ra1 g6 24. fxg6+ hxg6 25. Rc4 a3 26. Rc3 Rc8 27.
Rxa3 Rc6 28. Rc1 Ke6 29. h4 f5 30. Kg2 e4 31. Ra4 Rb2 32. Rc3 Kd5 33. Rd4+ Ke6
34. Ra4 Kd5 35. Rd4+ Ke6 36. Ra4 1/2-1/2

[Event "Maroczy Memorial"]
[Site "Szeged"]
[Date "1997.11.22"]
[Round "9"]
[White "Oll, Lembit"]
[Black "Ribli, Zoltan"]
[Result "1/2-1/2"]
[WhiteElo "2645"]
[BlackElo "2570"]
[PlyCount "27"]
[EventDate "1997.11.14"]
[EventType "tourn"]
[EventRounds "9"]
[EventCountry "HUN"]
[EventCategory "13"]
[Source "ChessBase"]
[SourceDate "1998.01.31"]
[WhiteTeamCountry "EST"]
[BlackTeamCountry "CZE"]

1. d4 Nf6 2. c4 e6 3. Nf3 b6 4. e3 Bb7 5. Bd3 d5 6. O-O dxc4 7. Bxc4 a6 8. b3
c5 9. dxc5 Bxc5 10. Qxd8+ Kxd8 11. Bb2 Nbd7 12. Nbd2 Ke7 13. Rac1 Rac8 14. Be2
1/2-1/2

[Event "FIDE-Wch k.o."]
[Site "Groningen"]
[Date "1997.12.11"]
[Round "2.1"]
[White "Morozevich, Alexander"]
[Black "Oll, Lembit"]
[Result "0-1"]
[WhiteElo "2590"]
[BlackElo "2645"]
[Annotator "Mueller,Karsten"]
[PlyCount "96"]
[EventDate "1997.12.09"]
[EventType "k.o."]
[EventRounds "7"]
[EventCountry "NED"]
[Source "ChessBase"]
[SourceDate "1998.03.26"]
[WhiteTeamCountry "EST"]
[BlackTeamCountry "CZE"]

1. e4 c6 2. d4 d5 3. exd5 cxd5 4. Bd3 Nc6 5. c3 Nf6 6. Bf4 Bg4 7. Qb3 Qd7 8.
Nd2 e6 9. Ngf3 Bxf3 10. Nxf3 Bd6 11. Bxd6 Qxd6 12. Qxb7 (12. O-O O-O (12... Rb8
13. a4 O-O 14. a5 Rfe8 15. Rfe1 Nd7 {
1/2-1/2 Yakovich,Y-Hodgson,J/Sochi 1986/MCL 02}) 13. Rae1 (13. Rfe1 Rab8 14. a4
Rfe8 15. Ne5 Nd7 16. f4 Nf8 17. Rf1 $11 {
0-1 Karner,H-Hodgson,J/Tallinn 1987/EXT 87 (40)}) 13... Rab8 14. Ne5 b5 (14...
Rfc8 15. f4 b5 16. a3 a5 17. Bxb5 Na7 18. a4 Nxb5 19. axb5 Qb6 20. f5 Qxb5 {
1/2-1/2 Kuksov,V-Telman,V/Simferopol Army-ch 1989/EXT 89ch2}) 15. a3 a5 16. f4
b4 17. axb4 axb4 18. Qd1 bxc3 19. bxc3 $11 {
Benjamin,J-Christiansen,L/USA-ch/zt South Bend 1981/MCD-ch/1-0 (61)}) 12... Rb8
13. Qa6 O-O (13... Rxb2 $2 14. Bb5 Rxb5 15. Qxb5 O-O 16. O-O $16 {
1/2-1/2 Hoepfl,T-Holl,M/Regensburg op 1996/EXT 96op2 (29)}) 14. Bb5 $6 (14. O-O
Rb6 15. Qa4 (15. Qa3 Qxa3 16. bxa3 Rfb8 17. Rfb1 Nd7 (17... Rb2 $6 18. Rxb2
Rxb2 19. Rb1 Rxa2 $2 20. Ne5 $1 $18) 18. Nd2 Na5 19. Rb4 Rc8 20. Rc1 Nc6 21.
Rxb6 Nxb6 $11 {Bundrock,T-Holzapfel,D/BL2-N 1992/BL2/1-0 (84)}) 15... Rxb2 16.
Rab1 (16. Bb5 $6 Ne4 $1 17. Bxc6 Nxc3 $15 {
Schneider,B-Steinmacher,J/OLBaden 1992/GER 04/1-0 (56)}) 16... Rfb8 17. g3 $11
{1/2-1/2 Brynell,S-Hansen,L/Haninge 1992/CBM 30 (22)}) 14... Rb6 15. Qa4 Ne7
16. b3 Ne4 17. Rc1 Rc8 18. Bd3 Ng6 (18... Rb4 $2 19. Qxa7 Nxc3 20. Qa3 $16) (
18... Nxc3 $4 19. Rxc3 $18) 19. Ne5 (19. Bxe4 $2 dxe4 20. Ne5 Nxe5 21. dxe5 Qd3
$17) (19. O-O $6 Nf4 $1 (19... Nxc3 20. Qxa7 Nf4 21. Ne5 $1 $132) 20. Ne5 (20.
Bxe4 $6 Ne2+ 21. Kh1 dxe4 22. Ne5 Nxc1 23. Qxa7 Nxa2 $17) 20... Nxd3 21. Nxd3
Nxc3 $15) 19... Nc5 $1 (19... Nxc3 $6 20. Bxg6 fxg6 21. Qa5 Qb4 22. Qxb4 Rxb4
23. Nf3 $14) 20. dxc5 Qxe5+ 21. Kd2 Rxc5 22. g3 Qb8 $15 {der unsicher stehende
König wird Weiß in der Folge noch schwer zu schaffen machen} 23. f4 Ne7 24. h4
Rc8 25. h5 h6 26. Rc2 Nc6 27. Kc1 e5 28. Rd1 e4 29. Ba6 Rd8 30. Be2 Qd6 31. Kb1
Qf6 32. Qa3 d4 33. cxd4 Nxd4 34. Rcd2 Rbd6 35. Qb4 (35. Qxa7 $2 Nxb3 $3 36.
axb3 (36. Rxd6 Qa1+ 37. Kc2 Rc8+ $19) 36... Rxd2 37. Rxd2 Rxd2 38. Qa8+ Kh7 39.
Qxe4+ g6 40. hxg6+ Kg7 $19) 35... Kh7 $6 36. Bg4 e3 37. Rd3 a5 38. Qc5 $6 ({
Warum nicht} 38. Qxa5 {?}) 38... Rd5 39. Qc4 $2 (39. Qc3 e2 40. Re1 a4 $40)
39... Nb5 $1 $19 40. Qxb5 Rxb5 41. Rxd8 a4 42. R8d6 Qe7 43. Be2 Rb8 44. Rd7 Qa3
45. Bd3+ Kg8 46. Bc4 axb3 47. Bxf7+ Kf8 48. Bxb3 e2 0-1

[Event "FIDE-Wch k.o."]
[Site "Groningen"]
[Date "1997.12.14"]
[Round "3.1"]
[White "Oll, Lembit"]
[Black "Tkachiev, Vladislav"]
[Result "1/2-1/2"]
[WhiteElo "2645"]
[BlackElo "2615"]
[Annotator "Huzman"]
[PlyCount "58"]
[EventDate "1997.12.09"]
[EventType "k.o."]
[EventRounds "7"]
[EventCountry "NED"]
[Source "ChessBase"]
[SourceDate "1998.03.26"]
[WhiteTeamCountry "EST"]
[BlackTeamCountry "CZE"]

1. d4 d5 2. Nf3 Nf6 3. c4 dxc4 4. e3 e6 5. Bxc4 c5 6. O-O a6 7. Bb3 Nc6 8. Nc3
b5 9. Qe2 Na5 $5 10. dxc5 $146 (10. Bc2 cxd4 11. Rd1 Bb7 12. Nxd4 Qb6 13. Nb3
Nxb3 14. Bxb3 Bc5 $11 {1/2-1/2 Tunik,G-Ibragimov,I/Moscow-ch 1996 (43)}) 10...
Nxb3 (10... Bxc5 11. Bc2) 11. axb3 Bxc5 12. e4 (12. Nxb5 O-O (12... Qb6 13.
Nbd4 Bb7 14. Bd2 O-O 15. Ba5 $36) 13. Nbd4 (13. Bd2 $5) 13... Bb7 (13... a5 14.
Rd1 Qb6 15. Bd2 Bb7 (15... Ba6 16. Qe1) 16. Bc3 $14) 14. Bd2 Ne4 $44) 12... Bb7
13. e5 Nd7 (13... Nd5 $5 14. Ne4 (14. Nxb5 Qb6 15. Nc3 Qxb3 16. Ne4 Be7 $11) (
14. Ng5 $2 Nxc3 15. bxc3 Qd5 $17) 14... Be7 15. Bg5 O-O 16. Rfc1 $14 {/=}) 14.
Rd1 (14. Ne4 O-O (14... Qc7 15. Bf4 $36) 15. Rd1 Bd5 $11) 14... Be7 $1 (14...
O-O 15. Ng5 $1 h6 16. Nge4 Be7 17. Nf6+ $1 gxf6 (17... Bxf6 18. exf6 $40) 18.
Bxh6 (18. Qg4+ Kh7 19. Bxh6 Rg8 $17) 18... f5 (18... Kh8 19. Bg7+ Kxg7 (19...
Kg8 20. Qh5) 20. Qg4+ Kh8 21. Rd3 $18) 19. Rd3 $1 (19. Qd3 Nxe5 20. Qg3+ Ng6
21. Rxd8 Rfxd8 22. Bg5 $16) 19... Bh4 20. Bxf8 Kxf8 21. Qh5 Bg5 22. Rad1 Bc6
23. Rg3 $18) 15. Bf4 (15. Ne4 O-O 16. Nd6 $140 Bxf3) 15... O-O 16. Rac1 (16.
Ne4 Bd5 $11) 16... Rc8 17. Qe3 Rc7 (17... b4 $5 18. Ne4 (18. Na4 Rxc1 19. Rxc1
Qa5 $15) 18... Rxc1 19. Rxc1 Qa5 $15) 18. Nd4 b4 19. Na4 (19. Ne4 Rxc1 20. Rxc1
Qa8 $15) 19... Rxc1 20. Rxc1 Qa5 21. Nc6 Bxc6 22. Rxc6 Qd5 23. Qf3 $1 Qxf3 24.
gxf3 $11 g5 25. Rc7 (25. Bg3 h5 26. h3 h4 27. Bh2 $11) 25... Rd8 26. Be3 Kg7
27. f4 h6 28. fxg5 hxg5 29. Kg2 Kg6 (29... Kg6 30. Nb6 Nxb6 31. Bxb6 Re8 (31...
Bf8 32. Rxf7) 32. Ra7 Kf5 33. Bc7 $11) 1/2-1/2

[Event "FIDE-Wch k.o."]
[Site "Groningen"]
[Date "1997.12.16"]
[Round "3.3"]
[White "Tkachiev, Vladislav"]
[Black "Oll, Lembit"]
[Result "1-0"]
[WhiteElo "2615"]
[BlackElo "2645"]
[Annotator "Har Zvi"]
[PlyCount "57"]
[EventDate "1997.12.09"]
[EventType "k.o."]
[EventRounds "7"]
[EventCountry "NED"]
[Source "ChessBase"]
[SourceDate "1998.03.26"]
[WhiteTeamCountry "EST"]
[BlackTeamCountry "CZE"]

1. e4 c5 2. Nf3 d6 3. Bc4 Nf6 (3... e6 4. O-O (4. Qe2 Be7 5. O-O Nf6 6. c3 O-O
7. Bb3 b6 8. Re1 Bb7 9. d3 Nc6 10. Nbd2 $13 {
Leko,P-Moiseev,V  Nettetal 60/(196) 1992}) 4... Nf6 (4... a6 5. Re1 Nf6 6. Bf1
Be7 7. c3 Nc6 8. d4 cxd4 9. cxd4 d5 10. e5 Ne4 11. Nbd2 Nxd2 12. Bxd2 Qb6 13.
Bc3 Bd7 14. Qd2 a5 15. h4 a4 $132 {Hodgson,J-Rashkovsky,N  Obesda  op 1996}) 5.
Re1 Be7 6. c3 d5 7. exd5 Nxd5 8. d4 O-O 9. dxc5 Bxc5 10. Bxd5 exd5 11. Be3 Be7
12. Nbd2 Nc6 $11 {Hellsten,J-Akesson,R  Sigeman and co 1997}) 4. d3 e6 (4...
Nc6 5. Bb3 (5. c3 a6 6. Bb3 Bg4 7. h3 Bh5 (7... Bxf3 8. Qxf3 g6) 8. Qe2 e6 9.
g4 Bg6 10. Nh4 d5 11. Nxg6 hxg6 12. g5 $16 {
/~~ Leko,P-Schneider,A  Hungary 1996 66/161 [Leko,P]}) 5... g6 6. c3 Bg7 7.
Nbd2 O-O 8. O-O b6 9. Re1 Ba6 10. Nf1 Ne5 11. Bc2 Nfd7 12. Bg5 h6 13. Bh4 Nxf3+
14. Qxf3 Ne5 15. Qd1 Nc6 16. Ne3 Qd7 17. f4 $36 {
Adams,M-Gelfand,B  Linares 1997}) 5. Bb3 Nc6 (5... Be7 6. O-O O-O 7. c3 Nc6 8.
Re1 d5 (8... Ne5 9. d4 (9. Bc2 Nxf3+ 10. Qxf3 b6 11. d4 Bb7 $13) 9... Nxf3+ 10.
Qxf3 d5 11. exd5 (11. e5 Ne4 12. Nd2 f5 $132 (12... Nxd2 13. Bxd2)) 11... exd5
12. dxc5 Bg4 (12... Bxc5 13. Bg5) 13. Qg3 Bxc5 14. Bg5 $14 {
1-0 Kobalija,M-Forster,R/Credis Biel (6) 1997 (21)  CBM 60 [ Har-Zvi,R ]}) (
8... b5 9. a4 b4 10. Nbd2 Ba6 11. Bc4 Bb7 12. d4 cxd4 13. cxd4 d5 14. exd5 Nxd5
15. Ne4 Rc8 16. Bd3 b3 $1 $36 {Van der Wiel,J-Kasparov,G  Brussels 5' 1987}) (
8... b6 9. Nbd2 Ba6 10. Nf1 Ne5 11. Bc2 Rc8 12. Bf4 (12. h3) 12... Nxf3+ (12...
Ng6) 13. Qxf3 Nd7 14. Rad1 Ne5 15. Qh5 $14 {
Waitzkin,J-Browne,W  USA (ch) 1995 65/191}) 9. e5 Nd7 10. d4 Re8 11. Nbd2 b5
12. Bc2 c4 13. a3 Nf8 14. h4 $5 a5 (14... Bxh4 15. Nxh4 Qxh4 16. Re3 $40 f5 17.
exf6 Qxf6 18. Qh5 Qf7 19. Qh2) 15. h5 Rb8 $6 16. h6 g6 17. Nf1 b4 18. axb4 axb4
19. N1h2 $40 {
1-0 Tkachiev,V-Hoffman,A/Villa Martelli 1997/CBM 60/[Har Zvi] (50)}) 6. c3 (6.
O-O Be7 7. c3 O-O 8. Re1 b5 9. d4 Bb7 10. dxc5 dxc5 11. Qe2 c4 12. Bc2 Nd7 13.
a4 a6 14. axb5 axb5 15. Rxa8 Qxa8 16. Nbd2 Nc5 17. b4 cxb3 18. Nxb3 Nxb3 19.
Bxb3 Na5 20. Bc2 Rc8 $11 {
0-1 Zagema,W-Dvoirys,S/Leeuwarden op 1994/EXT 94op (42)}) 6... g6 {after this
ove the bishop goes to "g7" of course that will give white the control of the
center after "d4" when "d5" by black is less effective,bicause the black's
bishop is on g7} (6... d5 7. e5 Nd7 8. d4 Be7 9. O-O b5 10. Re1 Bb7 11. Nbd2 a5
12. a4 b4 13. c4 dxc4 14. Nxc4 cxd4 15. Bg5 O-O 16. Bxe7 Qxe7 17. Nxd4 Nc5 18.
Nxc6 Bxc6 19. Rc1 Bd5 $36 {Adams,M-Kasparov,G  New-York PCA 1995}) 7. O-O Bg7
8. Re1 O-O 9. d4 cxd4 (9... d5 10. exd5 exd5 11. dxc5 $16) 10. cxd4 e5 (10...
d5 11. e5 Ne4 12. Nc3 (12. Bc2 $5) 12... Nxc3 (12... f5 13. exf6 Nxf6 14. Ba4
$14)) 11. dxe5 dxe5 12. Qxd8 Rxd8 13. Nc3 h6 14. h3 Nd4 $2 {
why to give the "e5" pawn??} (14... Nd7 $1 $132) 15. Nxe5 Nxb3 16. axb3 Be6 17.
Nc4 (17. b4 Ne8 (17... Nd7 18. Nxd7 Rxd7 19. Be3 $14) 18. Ng4 Kh7) 17... Nd7 (
17... Rdc8 18. Nd6 Rc7 (18... Rc6 19. Nxb7 Bxb3 20. Be3 $16) 19. Ndb5 $16) 18.
Be3 Bxc4 (18... a6 19. Na5 b6 20. Nc6 Re8 21. Red1 $14 {/+/-}) 19. bxc4 Ne5 20.
Ra4 (20. Rxa7 Rxa7 21. Bxa7 Nxc4 22. Re2 Nxb2 23. Rxb2 Bxc3 24. Rxb7 Rd1+ 25.
Kh2 Bd4 $11 26. Bxd4 (26. Rd7 $4 Be5+) 26... Rxd4 27. f3 Rd2) 20... a6 (20...
Rdc8 21. Nd5 Rxc4 22. Rxa7 Rxa7 23. Bxa7 Rc2 (23... Nd3 24. b3 $16) 24. b4 $14
{/+/-}) 21. Rb1 Rac8 (21... Nd3 22. Nd5 $16) (21... Rdc8 22. c5 $16) 22. c5 Nd3
23. Nd5 Re8 (23... Nxc5 $2 24. Rc4 $18) 24. b3 Kh7 (24... f5 $142 $5 25. exf5 (
25. f3 Kh7) 25... gxf5 26. Kf1 (26. b4)) 25. Rc4 Ne5 $6 (25... f5 26. exf5 gxf5
27. Nf4 $16) (25... Rcd8 $142 {black's best move}) 26. Rb4 $16 Rb8 27. Rb6 (27.
Rd1 $5) 27... Nc6 (27... Nd7 28. Rd6) 28. Bf4 Be5 $4 (28... Rbd8 29. f3 Rd7 30.
b4) (28... Ne5 29. Rd1) 29. Bxe5 (29. Bxe5 Rxe5 30. Nf6+ Kg7 31. Nd7) 1-0

[Event "EU-Cup final"]
[Site "Kazan"]
[Date "1997.12.28"]
[Round "1"]
[White "Oll, Lembit"]
[Black "Zilberman, Yaacov"]
[Result "1-0"]
[WhiteElo "2645"]
[BlackElo "2560"]
[Annotator "Finkel,A"]
[PlyCount "113"]
[EventDate "1997.12.28"]
[EventType "team"]
[EventRounds "4"]
[EventCountry "RUS"]
[Source "ChessBase"]
[SourceDate "1998.03.26"]
[WhiteTeamCountry "EST"]
[BlackTeamCountry "CZE"]

1. e4 Nf6 2. e5 Nd5 3. d4 d6 4. Nf3 Bg4 5. Be2 e6 6. O-O Be7 7. c4 Nb6 8. Nc3
O-O 9. Be3 a6 10. b3 N8d7 11. exd6 (11. h3 Bf5 12. exd6 cxd6 13. Re1 $5 h6 14.
Bd3 Bxd3 15. Qxd3 Rc8 16. Rad1 Re8 17. Bf4 $14 {
Chandler,M-Hort,V/Surakarta 1982/1/2-1/2 (65)}) (11. Rc1 $5 Rb8 12. Re1 dxe5 (
12... Bxf3 13. exd6 Bxe2 14. dxe7 Bxd1 15. exd8=Q Rbxd8 16. Rcxd1 $14) 13. Nxe5
Nxe5 (13... Bxe2 $6 14. Qxe2 Nxe5 15. dxe5 Nd7 16. Red1 $16) 14. Bxg4 Nxg4 15.
Qxg4 Nd7 16. Bh6 $14 {
Oratovsky,M-Zilberman,Y/ISR-chT  (AFEK-Herzliya) 1996 (30)}) 11... cxd6 12. d5
$5 (12. h3 Bh5 13. Rc1 (13. Qd2 $5 Rc8 14. a4 Nf6 15. a5 Nbd7 16. d5 $5 $13 {
Zeller Frank-Appel Ralf/Bundesliga 1995/1/2-1/2 (51)}) 13... Re8 14. Bf4 (14.
Qd2 Nf6 15. Rfe1 Nbd7 16. Red1 Rc8 17. Qb2 h6 18. a4 a5 19. Qb1 $14 {
1/2-1/2 Parkanyi,A-Schnelzer,R/Budapest FS10 IM-A 1994 (41)}) 14... Rc8 15. a4
Nf8 16. g4 Bg6 17. Re1 h6 18. Bg3 Nh7 $132 {
Schneider,H-Schnelzer,R/Hessenliga 1995 (54)}) (12. Qd2 Re8 13. Rad1 Qc7 14.
Ne4 Bf5 15. Ng3 Bg6 16. h4 Nf6 17. Ng5 h6 $13 {
1/2-1/2 De Souza,A-Loureiro,L/BRA-ch 1995}) 12... e5 13. Ne1 $5 (13. Nd2 $5
Bxe2 14. Qxe2 Bg5 15. f4 exf4 16. Bxf4 Bxf4 17. Rxf4 Re8 18. Nde4 Ne5 19. Raf1
Qe7 $13) 13... Bxe2 14. Qxe2 Bg5 (14... f5 15. f4 Rc8 (15... e4 $6 16. Nc2 $14)
(15... g5 16. fxe5 Nxe5 (16... dxe5 17. g4 $1 $16) 17. Nc2 f4 18. Bd2 Bf6 19.
Nd4 Nexc4 $6 20. Ne6 Nxd2 21. Nxd8 Nxf1 22. Qe6+ Kg7 23. Ne4 $1 $18) 16. Nf3
Bf6 17. fxe5 dxe5 18. Qf2 $1 $14) 15. Nd3 Bxe3 16. Qxe3 $14 Nf6 (16... f5 17.
f4 e4 18. Nb4 a5 19. Nc2 Nc5 20. Nd4 Nbd7 21. Ncb5 Qb6 22. Ne6 $1 Nxe6 23. Qxb6
Nxb6 24. dxe6 Rae8 25. Nxd6 Rxe6 26. Nxb7 $16) 17. f4 Nbd7 18. fxe5 Ng4 19. Qg3
Ngxe5 20. Nxe5 Nxe5 21. Kh1 Rc8 22. Ne4 f6 23. a4 $1 $14 {Preventing black's
counterplay on the queenside. White stands slightly better because of weakness
of e6 square.} Kh8 24. a5 h6 $6 {Creating to himself another weakness.} 25. Qh3
$1 Rc7 26. Ng3 Rcf7 27. Nf5 Re8 28. Qg3 Qd7 29. h3 g6 30. Nd4 Kh7 31. Ne6 $16
Qe7 32. Rae1 Rc8 33. Rf4 Rg8 34. Qe3 f5 35. c5 $1 {
White pieces take ideal position and it's a time for breakthrough.} g5 36. Rf2
Ng6 37. b4 Qd7 38. Qd3 f4 (38... Ne7 39. Rfe2 (39. Ref1 $5 dxc5 40. Rxf5 Nxf5
41. Rxf5 Rxf5 42. Qxf5+ Kh8 43. bxc5 $40) 39... Re8 40. Qf3 $40) 39. Rfe2 Qa4
40. Re4 f3 $6 41. gxf3 Qd7 42. f4 $1 $18 {The rest is a matter of technique.}
dxc5 43. bxc5 Kh8 44. fxg5 Rf5 45. d6 hxg5 46. Qe2 (46. Qd1 $1 $18) 46... Rd5
47. Qh5+ Qh7 48. Qxh7+ Kxh7 49. Rb4 Kh6 50. Rxb7 Ne5 51. Rf1 Rh8 52. Rf6+ Kh5
53. Rb4 Rh7 54. Rd4 Rxd4 55. Nxd4 Rb7 56. c6 Rb4 57. c7 1-0

[Event "Dordrecht FPO"]
[Site "Dordrecht"]
[Date "1998.??.??"]
[Round "?"]
[White "Oll, Lembit"]
[Black "Van Wely, Loek"]
[Result "0-1"]
[WhiteElo "2645"]
[BlackElo "2605"]
[PlyCount "96"]
[EventDate "1998.??.??"]
[EventType "k.o. (rapid)"]
[EventRounds "18"]
[EventCountry "NED"]
[Source "ChessBase"]
[SourceDate "2001.11.25"]
[WhiteTeamCountry "EST"]
[BlackTeamCountry "CZE"]

1. e4 c5 2. Nf3 d6 3. d4 cxd4 4. Nxd4 Nf6 5. Nc3 a6 6. Be2 e6 7. O-O Be7 8. f4
O-O 9. Be3 Nc6 10. a4 Re8 11. Kh1 Qc7 12. Bf3 Bd7 13. Nb3 b6 14. g4 Bc8 15. g5
Nd7 16. Bg2 Bb7 17. Qh5 Nb4 18. Rf2 Bf8 19. Rd1 g6 20. Qh3 Bg7 21. f5 exf5 22.
exf5 Bxg2+ 23. Qxg2 Bxc3 24. bxc3 Qxc3 25. Bd4 Qc6 26. fxg6 hxg6 27. Rf3 Nxc2
28. Rh3 Qxg2+ 29. Kxg2 Ne5 30. Bxb6 Nc4 31. Bd4 Nxd4 32. Rxd4 Ne3+ 33. Kf2 Nf5
34. Rc4 Rab8 35. Rd3 Rb6 36. a5 Rb5 37. Rc6 Reb8 38. Nd2 Rxa5 39. Ne4 Kg7 40.
Rc7 Ra2+ 41. Kf3 Rxh2 42. Nxd6 Rh3+ 43. Ke4 Nxd6+ 44. Rxd6 Rb4+ 45. Kd5 Rd3+
46. Kc5 Rb5+ 47. Kc6 Rxd6+ 48. Kxd6 Rb1 0-1

[Event "Dordrecht FPO"]
[Site "Dordrecht"]
[Date "1998.??.??"]
[Round "?"]
[White "Van Wely, Loek"]
[Black "Oll, Lembit"]
[Result "0-1"]
[WhiteElo "2605"]
[BlackElo "2645"]
[PlyCount "102"]
[EventDate "1998.??.??"]
[EventType "k.o. (rapid)"]
[EventRounds "18"]
[EventCountry "NED"]
[Source "ChessBase"]
[SourceDate "2001.11.25"]
[WhiteTeamCountry "EST"]
[BlackTeamCountry "CZE"]

1. d4 Nf6 2. c4 c5 3. d5 e6 4. Nc3 exd5 5. cxd5 d6 6. e4 g6 7. h3 a6 8. a4 Qe7
9. Bd3 Nbd7 10. Nf3 Bg7 11. O-O O-O 12. Re1 Re8 13. a5 Rb8 14. Bf1 b5 15. axb6
Rxb6 16. Nd2 Rb4 17. Bxa6 Bxa6 18. Rxa6 Ne5 19. Nf3 Nh5 20. Nxe5 Bxe5 21. Qf3
Rb3 22. Qd1 Reb8 23. Ra8 Rxa8 24. Qxb3 Nf4 25. Bxf4 Bxf4 26. Nd1 Ra1 27. Kf1
Qe5 28. Nc3 Ra8 29. Qc2 Rb8 30. g3 Bh6 31. Kg2 Bg7 32. Re2 Rb4 33. Nd1 h5 34.
h4 Qd4 35. f3 Be5 36. b3 c4 37. bxc4 Rxc4 38. Qd2 Qc5 39. Nf2 Bd4 40. Nd3 Qb6
41. Nf4 Ra4 42. Re1 Ra3 43. Rc1 Be3 44. Rc8+ Kg7 45. Qe2 Ra1 46. Nh3 Qb1 47. g4
Ra2 48. Qxa2 Qxa2+ 49. Kg3 Qe2 50. gxh5 gxh5 51. Rc6 Bd4 0-1

[Event "EST-chT"]
[Site "Tallinn"]
[Date "1998.??.??"]
[Round "8"]
[White "Oll, Lembit"]
[Black "Liiva, Riho"]
[Result "0-1"]
[WhiteElo "2645"]
[BlackElo "2435"]
[PlyCount "58"]
[EventDate "1998.??.??"]
[EventType "team"]
[EventRounds "10"]
[EventCountry "EST"]
[Source "ChessBase"]
[SourceDate "1998.11.10"]
[WhiteTeamCountry "EST"]
[BlackTeamCountry "CZE"]

1. d4 d5 2. c4 c6 3. Nf3 Nf6 4. Nc3 e6 5. Bg5 h6 6. Bh4 dxc4 7. e4 g5 8. Bg3 b5
9. Be2 Nh5 10. Be5 Rg8 11. Bxb8 Rxb8 12. Ne5 Nf4 13. Nxc6 Qb6 14. Nxb8 Nxg2+
15. Kf1 Nf4 16. a4 b4 17. Bxc4 bxc3 18. Bb5+ Ke7 19. Nc6+ Kf6 20. Ne5 cxb2 21.
Rb1 a6 22. Bc4 Ba3 23. h4 Rd8 24. hxg5+ hxg5 25. Bd5 Kg7 26. Nc4 Qb4 27. Qg4
Rxd5 28. Nxa3 Qxa3 29. Qg3 Qa1 0-1

[Event "Keres Memorial"]
[Site "Tallinn"]
[Date "1998.01.10"]
[Round "1"]
[White "Krivonosovs, Olegs"]
[Black "Oll, Lembit"]
[Result "1/2-1/2"]
[WhiteElo "2435"]
[BlackElo "2645"]
[PlyCount "45"]
[EventDate "1998.01.10"]
[EventType "tourn (rapid)"]
[EventRounds "9"]
[EventCountry "EST"]
[EventCategory "12"]
[Source "ChessBase"]
[SourceDate "1998.03.09"]
[WhiteTeamCountry "EST"]
[BlackTeamCountry "CZE"]

1. Nf3 d5 2. d4 c6 3. c4 Nf6 4. cxd5 cxd5 5. Nc3 Nc6 6. Bf4 a6 7. Rc1 Ne4 8. a3
Bf5 9. e3 e6 10. Be2 Be7 11. Nxe4 Bxe4 12. O-O O-O 13. Ne5 Nxe5 14. Bxe5 Qb6
15. Qd2 Rfc8 16. Rc3 Rc6 17. Rfc1 Rac8 18. h3 h6 19. b4 Bg6 20. Bd1 Qb5 21. Be2
Qb6 22. Bd1 Qb5 23. Be2 1/2-1/2

[Event "Keres Memorial"]
[Site "Tallinn"]
[Date "1998.01.10"]
[Round "2"]
[White "Oll, Lembit"]
[Black "Spassky, Boris"]
[Result "1-0"]
[WhiteElo "2645"]
[BlackElo "2535"]
[PlyCount "81"]
[EventDate "1998.01.10"]
[EventType "tourn (rapid)"]
[EventRounds "9"]
[EventCountry "EST"]
[EventCategory "12"]
[Source "ChessBase"]
[SourceDate "1998.03.09"]
[WhiteTeamCountry "EST"]
[BlackTeamCountry "CZE"]

1. e4 b6 2. d4 Bb7 3. Bd3 e6 4. Nf3 d6 5. O-O Nd7 6. c4 g6 7. Bg5 Ne7 8. Nc3 h6
9. Be3 Bg7 10. Qd2 g5 11. d5 Ng6 12. Nd4 Qe7 13. Ncb5 Nc5 14. Bc2 a5 15. b3 O-O
16. a3 a4 17. b4 Nb3 18. Bxb3 axb3 19. Qb2 exd5 20. exd5 f5 21. Qxb3 f4 22. Bd2
g4 23. Rae1 Qh4 24. f3 g3 25. h3 Bc8 26. Ne6 Rf7 27. Re4 Be5 28. Qd3 Qh5 29.
Rfe1 c6 30. Nbd4 cxd5 31. cxd5 Bd7 32. Nc6 Re8 33. Nxe5 dxe5 34. Qb3 Qf5 35.
Nxf4 exf4 36. Rxe8+ Bxe8 37. Rxe8+ Kh7 38. d6 h5 39. Qe6 Qb1+ 40. Be1 Rf5 41.
d7 1-0

[Event "Keres Memorial"]
[Site "Tallinn"]
[Date "1998.01.10"]
[Round "3"]
[White "Ehlvest, Jaan"]
[Black "Oll, Lembit"]
[Result "1/2-1/2"]
[WhiteElo "2610"]
[BlackElo "2645"]
[PlyCount "48"]
[EventDate "1998.01.10"]
[EventType "tourn (rapid)"]
[EventRounds "9"]
[EventCountry "EST"]
[EventCategory "12"]
[Source "ChessBase"]
[SourceDate "1998.03.09"]
[WhiteTeamCountry "EST"]
[BlackTeamCountry "CZE"]

1. d4 Nf6 2. c4 e6 3. Nc3 Bb4 4. Qc2 c5 5. dxc5 Bxc5 6. Nf3 Qb6 7. e3 Qc7 8. b3
a6 9. Bb2 b6 10. Bd3 Bb7 11. Ne4 Bb4+ 12. Ke2 Be7 13. Nxf6+ gxf6 14. a3 Nc6 15.
Rac1 Rg8 16. Rhg1 f5 17. g3 O-O-O 18. b4 Kb8 19. Rgd1 d6 20. Qc3 Rg6 21. Bb1
Bf6 22. Qb3 Be7 23. Qc3 Bf6 24. Qb3 Be7 1/2-1/2